| 000 | 00432nam a2200181Ia 4500 | ||
|---|---|---|---|
| 003 | LK-CoDNM | ||
| 005 | 20241209120237.0 | ||
| 008 | 010623t xxu||||| |||| 00| 1 eng d | ||
| 040 |
_aLK-CoDNM _dLK-CoDNM _eLK-CoDNM |
||
| 041 | _aeng | ||
| 080 |
_a294.3 _bGOR |
||
| 100 | _aGorkom,Nina Van. | ||
| 245 | _aAbhidhamma In Daily Life | ||
| 260 | _bH.M.Gunasekara Trust | ||
| 300 | _b259p. : 18 cm | ||
| 650 | _aBuddha | ||
| 942 | _cBK | ||
| 999 |
_c133534 _d133534 |
||